On This Day (May 6th) Multiple Choice - Statistics

General Stats
  • This quiz has been taken 8 times
  • The average score is 10 of 15
Answer Stats
Question Answer % Correct
1994 – Queen Elizabeth II of the United Kingdom and French President François Mitterrand officiate at the opening of what ? Channel Tunnel
100%
1889 – Which landmark is officially opened to the public at the Universal Exposition ? Eiffel Tower
100%
1966 – Myra Hindley and Ian Brady are sentenced to life imprisonment for murders in which part of England ? Lancashire Moorland
100%
1682 – Louis XIV of France moves his court to where ? Palace of Versailles
100%
1954 – Roger Bannister becomes the first person to run the what ? Sub 4 Minute Mile
100%
2001 – During a trip to Syria, Pope John Paul II becomes the first pope to do what ? Enter a Mosque
83%
1937 – The German zeppelin Hindenburg catches fire and is destroyed within a minute while attempting to dock at Lakehurst in which state ? New Jersey
83%
1940 – John Steinbeck is awarded the Pulitzer Prize for which of his novels ? The Grapes of Wrath
83%
2013 – Three women, kidnapped and missing for more than a decade, are found alive in which US city ? Cleveland
67%
1996 – The body of former CIA director William Colby is found washed, up eight days after he disappeared, on a riverbank in which State ? Maryland
50%
1536 – King Henry VIII orders what be placed in every church ? English-language Bibles
33%
1835 – James Gordon Bennett, Sr. publishes the first issue of which newspaper ? New York Herald
33%
1960 – The first televised royal wedding, when Princess Margaret marries Anthony Armstrong-Jones at Westminster Abbey, was watched by at least how many viewers ? 20 million
17%
1877 – Chief Crazy Horse of the Oglala Lakota surrenders to United States troops in which State ? Nebraska
17%
1983 – What are revealed as a hoax after being examined by experts ? Hitler Diaries
0%
No matching quizzes found
Score Distribution
Percent of People with Each Score
Percentile by Number Answered
Your Score History
You have not taken this quiz